Peña Gómez : (Record no. 20303)
[ view plain ]
| 000 -CABECERA | |
|---|---|
| campo de control de longitud fija | 00682nam a2200193 a 4500 |
| 001 - NÚMERO DE CONTROL | |
| campo de control | 000020799 |
| 003 - IDENTIFICADOR DEL NÚMERO DE CONTROL | |
| campo de control | DO-SdBNP |
| 005 - FECHA Y HORA DE LA ÚLTIMA TRANSACCIÓN | |
| campo de control | 20260304085435.0 |
| 008 - DATOS DE LONGITUD FIJA--INFORMACIÓN GENERAL | |
| campo de control de longitud fija | 100817s1996 dr 000 0 spa d |
| 040 ## - FUENTE DE LA CATALOGACIÓN | |
| Centro catalogador/agencia de origen | DO-SdBNP |
| Lengua de catalogación | spa |
| Centro/agencia transcriptor | BPJMB |
| 082 ## - NÚMERO DE LA CLASIFICACIÓN DECIMAL DEWEY | |
| Número de clasificación | 923.27293 |
| Número de documento/Ítem | P349C |
| 100 1# - ENTRADA PRINCIPAL--NOMBRE DE PERSONA | |
| Nombre de persona | Campillo Pérez, Julio G. |
| 9 (RLIN) | 31026 |
| 245 10 - MENCIÓN DE TÍTULO | |
| Título | Peña Gómez : |
| Resto del título | origen y nacimiento, investigación genealógica / |
| Mención de responsabilidad, etc. | Julio G. Campillo Pérez, |
| 260 ## - PUBLICACIÓN, DISTRIBUCIÓN, ETC. | |
| Lugar de publicación, distribución, etc. | Santo Domingo,(República Dominicana) : |
| Nombre del editor, distribuidor, etc. | Editora de Colores, |
| Fecha de publicación, distribución, etc. | 1996. |
| 300 ## - DESCRIPCIÓN FÍSICA | |
| Extensión | 145 p. : |
| Otras características físicas | il. ; |
| Dimensiones | 27 cm. |
| 600 10 - PUNTO DE ACCESO ADICIONAL DE MATERIA--NOMBRE DE PERSONA | |
| Nombre de persona | Peña Gomez, Jose Francisco , |
| Fechas asociadas al nombre | 1937-1998 |
| 9 (RLIN) | 2994 |
| 650 #4 - PUNTO DE ACCESO ADICIONAL DE MATERIA--TÉRMINO DE MATERIA | |
| Término de materia o nombre geográfico como elemento de entrada | Políticos dominicanos |
| 9 (RLIN) | 43591 |
| Subdivisión de forma | Biografía |
| 942 ## - ELEMENTOS DE PUNTO DE ACCESO ADICIONAL (KOHA) | |
| Fuente del sistema de clasificación o colocación | Dewey Decimal Classification |
| Tipo de ítem Koha | Libro |
No items available.
